[Event "ESP-chT Regional U16"]
[Site "Gijon"]
[Date "2021.06.19"]
[Round "5.1"]
[White "Fernandez Lopez, Ruben"]
[Black "Gonzalez Manrique, Mario"]
[Result "1-0"]
[WhiteElo "2134"]
[BlackElo "1823"]
[PlyCount "49"]
[EventDate "2021.06.17"]
[EventType "team-swiss"]
[EventRounds "6"]
[EventCountry "ESP"]
[SourceTitle "EXT 2022"]
[Source "ChessBase"]
[SourceDate "2021.10.06"]
[SourceVersion "1"]
[SourceVersionDate "2021.10.06"]
[SourceQuality "1"]
[WhiteTeam "Galicia U16"]
[BlackTeam "Castilla y Leon U16"]
[WhiteTeamCountry "ESP"]
[BlackTeamCountry "ESP"]

1. e4 c5 2. Nf3 e6 3. d4 cxd4 4. Nxd4 a6 5. Bd3 Nf6 6. 0-0 Qc7 7. Qe2 d6 8. Nc3 Be7 9. Kh1 Nbd7 10. Bd2 0-0 11. Rae1 b5 12. f4 e5 13. Nf5 Re8 14. g4 Nb6 15. fxe5 dxe5 16. g5 Nfd7 17. Nxg7 Kxg7 18. Qh5 Rf8 19. Nd5 Qd6 20. Bb4 Qxb4 21. Nxb4 Bxb4 22. Qh6+ Kg8 23. Re3 Re8 24. Rh3 Nf8 25. g6 1-0

[Event "ESP-chT Regional U16"]
[Site "Gijon"]
[Date "2021.06.17"]
[Round "2.1"]
[White "Martinez Soriano, Javier"]
[Black "Gonzalez Manrique, Mario"]
[Result "1-0"]
[WhiteElo "1907"]
[BlackElo "1823"]
[PlyCount "65"]
[EventDate "2021.06.17"]
[EventType "team-swiss"]
[EventRounds "6"]
[EventCountry "ESP"]
[SourceTitle "EXT 2022"]
[Source "ChessBase"]
[SourceDate "2021.10.06"]
[SourceVersion "1"]
[SourceVersionDate "2021.10.06"]
[SourceQuality "1"]
[WhiteTeam "Murcia U16"]
[BlackTeam "Castilla y Leon U16"]
[WhiteTeamCountry "ESP"]
[BlackTeamCountry "ESP"]

1. e4 c5 2. Nf3 e6 3. d4 cxd4 4. Nxd4 a6 5. Bd3 Nf6 6. Nc3 Qc7 7. Qe2 d6 8. f4 Nbd7 9. Nb3 Be7 10. 0-0 b5 11. a4 b4 12. Nb1 Bb7 13. a5 Nc5 14. Nxc5 dxc5 15. b3 Nd7 16. Nd2 Bf6 17. e5 Nxe5 18. fxe5 Bxe5 19. Rb1 Bxh2+ 20. Kh1 h5 21. Be4 Bxe4 22. Qxe4 Ke7 23. Qh4+ g5 24. Qxh2 Qc6 25. Bb2 Rh6 26. Qe5 Rg8 27. Rf6 Rh7 28. Qe4 Qxe4 29. Nxe4 h4 30. Rd1 g4 31. Nxc5 Rc8 32. Rf4 f5 33. Rd7+ 1-0

[Event "ESP-ch U12"]
[Site "Granada"]
[Date "2016.07.07"]
[Round "6"]
[White "Gonzalez Manrique, Mario"]
[Black "Rodriguez Redondo, Adhara"]
[Result "0-1"]
[WhiteElo "1418"]
[BlackElo "1730"]
[PlyCount "76"]
[EventDate "2016.07.04"]
[EventType "swiss"]
[EventRounds "9"]
[EventCountry "ESP"]
[SourceTitle "EXT 2024"]
[Source "ChessBase"]
[SourceDate "2023.10.10"]
[SourceVersion "1"]
[SourceVersionDate "2023.10.10"]
[SourceQuality "1"]

1. e4 e5 2. Nc3 Nf6 3. Bc4 Nc6 4. d3 Na5 5. Nge2 c6 6. f4 d6 7. fxe5 dxe5 8. h3 Nxc4 9. dxc4 Qxd1+ 10. Nxd1 Nxe4 11. b3 Bf5 12. 0-0 Bg6 13. c3 0-0-0 14. Be3 Kb8 15. Nf2 Nxf2 16. Kxf2 Be7 17. Rfd1 f5 18. g3 h6 19. a4 Bf7 20. Rdb1 g5 21. Kf1 Be6 22. Kg2 Rdf8 23. c5 f4 24. gxf4 exf4 25. Nxf4 gxf4 26. Bd4 Rhg8+ 27. Kh2 Bh4 28. c4 Bg3+ 29. Kh1 Bxh3 30. b4 f3 31. b5 cxb5 32. Rxb5 Bd7 33. Rb4 Bc6 34. Kg1 Be1+ 35. Kf1 Bxb4 36. Be5+ Kc8 37. Rd1 Bxc5 38. Bd4 Rd8 0-1

[Event "ESP-ch U12"]
[Site "Granada"]
[Date "2016.07.05"]
[Round "3"]
[White "Pueyo Amoros, Pau"]
[Black "Gonzalez Manrique, Mario"]
[Result "1/2-1/2"]
[WhiteElo "1559"]
[BlackElo "1418"]
[PlyCount "85"]
[EventDate "2016.07.04"]
[EventType "swiss"]
[EventRounds "9"]
[EventCountry "ESP"]
[SourceTitle "EXT 2024"]
[Source "ChessBase"]
[SourceDate "2023.10.10"]
[SourceVersion "1"]
[SourceVersionDate "2023.10.10"]
[SourceQuality "1"]

1. d4 Nf6 2. Bg5 g6 3. Bxf6 exf6 4. e3 Bg7 5. Nf3 d6 6. c4 Nc6 7. Nc3 Bd7 8. Be2 Ne7 9. 0-0 Ng8 10. Qb3 Qc8 11. Rac1 Bf8 12. Rfd1 c6 13. e4 Bg4 14. e5 Bxf3 15. Bxf3 fxe5 16. Re1 f6 17. Rcd1 Be7 18. Ne4 Qc7 19. Qa3 f5 20. Nc3 e4 21. Be2 Nf6 22. b4 Bd8 23. b5 Qa5 24. Qb3 Qc7 25. Qa3 c5 26. dxc5 Qxc5 27. Qxc5 dxc5 28. Nd5 Nxd5 29. Rxd5 b6 30. Red1 0-0 31. Rd7 Bg5 32. Kf1 Rfd8 33. Ke1 Re8 34. Rb7 Re7 35. Rdd7 Rxd7 36. Rxd7 a6 37. a4 axb5 38. axb5 Ra1+ 39. Bd1 Rxd1+ 40. Rxd1 Kf7 41. f3 e3 42. g4 f4 43. h3 1/2-1/2